S oligarchami za demokraciu

Kandidáti prezidentských volieb na Ukrajine. Ukrajinská oligarchia. Tam, kde zlyháva ukrajinský štát, nastupuje pragmatický oligarcha Rinat Achmetov.

Gespeichert in:
Bibliographische Detailangaben
1. Verfasser: Pressburg, Adrian Peter
Format: Buchkapitel
Sprache:Slowakisch
Schlagworte:
Tags: Tag hinzufügen
Keine Tags, Fügen Sie das erste Tag hinzu!

MARC

LEADER 00000naa a2200000 4500
001 0186354
005 20231113101132.6
041 0 |a slo 
044 |a SK 
245 1 0 |a S oligarchami za demokraciu  |c Adrian Peter Pressburg 
520 |a Kandidáti prezidentských volieb na Ukrajine. Ukrajinská oligarchia. Tam, kde zlyháva ukrajinský štát, nastupuje pragmatický oligarcha Rinat Achmetov. 
610 2 0 |a politika vnútorná 
610 2 0 |a voľby 
610 2 0 |a prezidenti 
610 2 0 |a bohatstvo 
610 2 0 |a bohatí 
610 2 0 |a podnikatelia 
610 2 0 |a konflikty 
610 2 0 |a Ukrajina 
610 2 0 |a Rusko 
100 1 |a Pressburg, Adrian Peter